00556 2200229 4500001002100000005001500021035002000036007000300056008004100059020001500100082000800115084001400123100001800137245002900155260003300184300001100217500004900228650001800277856001700295990000700312990000700319INLIS00000000000007320220126091813 a0010-0122000073ta220126 g 0 ind  a9795344162 a004 a004 EKO k0 aEko Sujatmiko1 aKomputer si Mesin Pintar aBandung :bPakar Raya,c2007 a60 hlm aBuku ini membahas seluk beluk dunia komputer 4aIlmu Komputer aKoleksi Umum a67 a68